Annual report 1999 - Slovak Republic National Agency for Development of Small and Medium Enterprises

Salvato in:
Dettagli Bibliografici
Natura: Libro
Lingua:inglese
Pubblicazione: Bratislava NADSME [2000]
Soggetti:
Tags: Aggiungi Tag
Nessun Tag, puoi essere il primo ad aggiungerne!!

MARC

LEADER 00000nam a2200000 4500
001 c118004
005 20221221081601.9
020 |a 80-88957-06-0 
041 0 |a eng 
044 |a SK 
245 1 0 |a Annual report 1999 - Slovak Republic  |b National Agency for Development of Small and Medium Enterprises 
264 1 |a Bratislava  |b NADSME  |c [2000] 
300 |a 23 s. 
610 2 0 |a podnikanie malé 
610 2 0 |a podnikanie stredné 
610 2 0 |a podpora podnikania 
610 2 0 |a inštitúcia 
610 2 0 |a koordinácia 
610 2 0 |a legislatíva 
610 2 0 |a financie 
610 2 0 |a informácie 
610 2 0 |a spolupráca medzinárodná 
610 2 0 |a burzy 
610 2 0 |a štruktúra organizačná 
610 2 0 |a orgány štatutárne 
610 2 0 |a manažment 
610 2 0 |a Slovensko 
610 2 0 |a NARMSP 
610 2 0 |a 1999